| 000 | 00462nam a22001457a 4500 | ||
|---|---|---|---|
| 008 | 140319b xxu||||| |||| 00| 0 eng d | ||
| 050 | _aB765.T54 G728 | ||
| 100 |
_aGrabmann, Martin Dr. _99152 |
||
| 245 |
_aIntroduction to the Theological Summa of St. Thomas _cDr. Martin Grabmann |
||
| 260 |
_aLondon _bB. Herder Book Co. _c1930 |
||
| 300 |
_ax, 220p. ; _c19cm. |
||
| 600 |
_aThomas Aquinas _99153 |
||
| 650 |
_aSamma Theologica _99154 |
||
| 942 |
_2lcc _cMONOGRAPH |
||
| 999 |
_c120221 _d120221 |
||